|
|
|
|
| LEADER |
00000nab a2200000 a 4500 |
| 001 |
vtls009493528 |
| 003 |
SK-MaSNL |
| 005 |
20260303044940.0 |
| 008 |
090420c20090418xo drz 0 0slo |
| 038 |
|
|
|a KEVKJB
|
| 040 |
|
|
|a KEVKJB
|b slo
|c KEVKJB
|e AACR2
|
| 041 |
0 |
|
|a slo
|
| 044 |
|
|
|a xo
|c SK
|
| 080 |
|
|
|a 669.1
|2 2001
|
| 080 |
|
|
|a 323.331
|2 2001
|
| 245 |
0 |
0 |
|a Štvordňový pracovný týždeň zatiaľ nekončí
|c [autor] (jsv)
|
| 300 |
|
|
|b Fotogr.
|
| 610 |
2 |
7 |
|a U.S. Steel (Košice, Slovensko)
|x zamestnanci
|2 kevkjb
|9 1034787
|
| 651 |
|
7 |
|a Košice (Slovensko)
|2 kevkjb
|9 18694
|
| 773 |
0 |
|
|t Košický Korzár
|g Roč. XII, č. 89 (18.4.2009), s. 1
|x 1335-4566
|
| 852 |
|
|
|a KEVKJB
|b KIS3GCP
|
| 999 |
|
|
|c 1702059
|d 1703989
|